000 00622nam a2200265Ia 4500
005 20260320203205.0
008 008 262003s9999 xx 000 0 eng d
020 _a978-3-031-40776-5
037 _aEBOOK
040 _aCRL
040 _beng
040 _cCRL
041 _2eng
041 _aeng
084 _qCRL
100 _aMitchell Atkinson III
_91137009
245 0 _aAlterity and the Flint Water Crisis
260 _bSpringer
260 _c2023
650 _aPhilosophy
856 _uhttps://doi.org/10.1007/978-3-031-40776-5
942 _cEBOOK
999 _c1725690
_d1725690